000 00547nam a2200205Ia 4500
005 20260429112115.0
008 260429s9999||||xx |||||||||||||| ||und||
020 _a9781666889604
041 _aEnglish
082 _a796.4
_bMID
100 _aMiddleton, Bill
245 0 _aMeasurement and evaluation in physical education /
_cBill Middleton
250 _a1st ed.
260 _aUSA :
_bKaufman Press,
_c2022.
300 _axii, 276 p.; hb
650 _a Evaluation
650 _a Measurement
650 _aPhysical education
942 _cTB
999 _c52386
_d52386